| 000 | 00930cam a22002771 4500 | ||
|---|---|---|---|
| 001 | 6588100 | ||
| 003 | OSt | ||
| 005 | 20140310182113.0 | ||
| 008 | 750530s1965 xx 000 0 eng | ||
| 010 | _a 65019435 | ||
| 035 | _a(OCoLC)1362931 | ||
| 040 |
_aDLC _cFO _dOCoLC _dDLC |
||
| 050 | 0 | 0 |
_aF 1008.2 _b.H299 1971 |
| 082 |
_aHS 971 _bH25 1971 |
||
| 100 | 1 |
_aHarrington, Lyn. _913536 |
|
| 245 | 1 | 0 |
_aHow people live in Canada / _cLyn Harrington, illustrated by James G. teason and Art Lutz. |
| 260 |
_aChicago : _bBenefic Press, _c1965. |
||
| 300 |
_a96 p. ; _billus. (part col.) col. coat of arms. col. maps. _c24 cm. |
||
| 490 | 0 | _aSupplementary social studies program. Basic concepts series | |
| 651 | 0 |
_aCanada _xJuvenile literature _913537 |
|
| 700 | 1 |
_aTeason, James G., _eillus. _913538 |
|
| 700 | 1 |
_aLutz, Art, _eillus. _913539 |
|
| 906 |
_a7 _bcbc _coclcrpl _du _encip _f19 _gy-gencatlg |
||
| 942 | _2lcc | ||
| 999 |
_c9416 _d9416 |
||